000 00300nam a22001217a 4500
008 170529b xxu||||| |||| 00| 0 eng d
041 _aeng
080 _a94(7/8)
100 _a16
101 _aSHH
245 _aUNITED STATES AND THE LATIN AMERICA EEVULITION
_cNEEDLER.M.C
942 _2udc
_cBK
999 _c14966
_d14966